[Event "FIDE World Cup"]
[Site "Baku"]
[Date "2015.09.11"]
[Round "1.1"]
[White "Can, Emre"]
[Black "Svidler, Peter"]
[Result "0-1"]
[WhiteElo "2531"]
[BlackElo "2727"]
[Annotator "Krasenkow,M"]
[PlyCount "68"]
[EventDate "2015.09.11"]
[EventType "k.o."]
[EventRounds "7"]
[EventCountry "AZE"]
[SourceTitle "CBM 169"]
[Source "ChessBase"]
[SourceDate "2015.11.10"]
[SourceVersion "1"]
[SourceVersionDate "2015.11.10"]
[SourceQuality "1"]

1. Nf3 d5 2. d4 Nf6 3. c4 c6 4. Nc3 e6 5. Bg5 h6 6. Bxf6 Qxf6 7. e3 g6 8. Bd3
Bg7 9. O-O O-O 10. Qe2 {Not a very popular move. White doesn't hurry with
e3-e4 in order to keep a choice of possible plans but Black has good ways of
development anyway.} (10. e4 {is the main line.}) 10... Nd7 11. Rfd1 (11. Rac1
Qe7 12. a3 Rd8 13. Rfd1 dxc4 14. Bxc4 a5 15. Qc2 b6 16. Be2 Bb7 17. Qb3 Rab8
18. Na4 c5 $1 $36 {0-1 (29) Obolenskikh,D (2510)-Sjugirov,S (2622) Moscow 2012}
) (11. e4 {is not dangerous here as after} dxc4 {White can't insert e4-e5.} 12.
Bxc4 e5 13. d5 Nb6 14. Bb3 Bg4 15. h3 Bxf3 16. Qxf3 Qxf3 17. gxf3 Rfd8 $11 {
0-1 (48) Taboas Rodriguez,D (2412)-Zhigalko,A (2603) Linares 2013}) (11. Rfe1
$5 Qe7 12. e4 dxc4 $5 (12... dxe4 $143 13. Qxe4 Nf6 14. Qe2 Rd8 15. Rad1 Qf8
16. Be4 Nxe4 17. Nxe4 b6 18. c5 bxc5 19. dxc5 Rd5 20. Rxd5 exd5 21. Nd6 Bg4 22.
Qa6 $16 {0-1 (54) Khoze,E (2160)-Nguyen,A (2480) Melbourne 1996}) 13. Bxc4 b5
$132) 11... Qe7 12. Rac1 ({The structure after} 12. cxd5 exd5 {is not
dangerous for Black at all; besides, Rf1-d1 is senseless in that case:} 13.
Rab1 a5 14. Qc2 Nf6 15. h3 Be6 16. a3 Rfc8 17. Na4 Nd7 18. Rdc1 Bf8 19. b4 b5
20. Nc5 Nxc5 21. bxc5 Bg7 22. Re1 Qc7 23. Nd2 Re8 $11 {1/2 (61) Krivenko,S 
(2300)-Khismatullin,D (2654) St Petersburg 2010}) 12... a6 {A typical move.
Black is preparing ...d5xc4, ...b7-b5 and ...c6-c5.} 13. cxd5 {And here this
is harmless, too.} (13. h4 $5 {was an interesting attempt to justify White's
play} dxc4 $140 14. Bxc4 b5 15. Bd3 c5 16. h5 $1) 13... exd5 14. Na4 Re8 15. a3
a5 16. Qc2 Bf8 {[%mdl 32] A typical plan in this structure (often arising from
the Grünfeld Defence with 4.Nf3 and 5.Bg5): Black transfers his bishop to d6,
where it controls the b4-square and aims at White's kingside.} 17. Nd2 $6 (17.
Re1 $5 Qd8 18. h3 Kg7 $140 (18... Bd6 $2 19. Bxg6) 19. e4) 17... Qd8 18. e4 {
This break is a bit untimely as White's pieces are not well placed. However,
it is not easy to suggest an alternative.} Nf6 $5 (18... dxe4 19. Nxe4 Rb8 {
[%cal Yd7f6]} 20. Re1 Bg7 {was quite good, too.}) 19. e5 Nh5 20. g3 Ng7 21. Nc3
(21. Qc3 $142 {protecting the d4-pawn.}) 21... Bg4 22. Be2 (22. f3 Bh3 {
[%cal Yg7f5]}) 22... Bd7 (22... Bf5 $1 {was strong} 23. Bd3 $140 Ne6 $1 24. Ne2
Bh3 $36) 23. Nf1 Nf5 {This arrangement of pieces is not so profitable for
Black. We have an effect of an "excess piece": both his minor pieces wish to
occupy the f5-square.} 24. Ne3 $6 {And that is exactly why this move is wrong!
White solves Black's problem, trading one of his excess pieces. Besides, a
strong undermining action is coming up.} (24. Na4 $142 {[%cal Ya4c5]}) 24... f6
$1 25. Ng4 Bg7 26. exf6 (26. f4 h5) 26... Bxf6 27. Nxf6+ Qxf6 $17 {[%csl Rd4]
[%cal Ge8e2] Black controls the e-file, and White's d4-pawn is weak.} 28. Qd2
Kg7 29. Bf1 Re7 30. Bg2 Rae8 31. Bxd5 $6 {It would be a good "asymmetric
exchange" for White (two pieces for a rook and two pawns); however, he
underestimates Black's strong reply.} (31. Qf4 $142) 31... Nxd4 $1 {[%mdl 64]}
32. Bg2 $2 (32. Qxd4 {is impossible due to} Re1+) (32. Qf4 {was the only
chance to keep the material balance but after} Qxf4 33. gxf4 c5 {White's
position is completely ruined.}) 32... Nb3 $19 33. Ne4 $2 Nxd2 34. Nxf6 Kxf6 (
34... Kxf6 35. Rxd2 Re1+ 36. Rxe1 Rxe1+ 37. Bf1 Bh3 $19) 0-1

[Event "Jermuk FIDE GP"]
[Site "Jermuk"]
[Date "2009.08.15"]
[Round "6"]
[White "Aronian, Levon"]
[Black "Gelfand, Boris"]
[Result "1-0"]
[WhiteElo "2768"]
[BlackElo "2755"]
[Annotator "Krasenkow,M"]
[PlyCount "155"]
[EventDate "2009.08.09"]
[EventType "tourn"]
[EventRounds "13"]
[EventCountry "ARM"]
[EventCategory "19"]
[SourceTitle "CBM 132"]
[Source "ChessBase"]
[SourceDate "2009.09.16"]
[SourceVersion "1"]
[SourceVersionDate "2009.09.16"]
[SourceQuality "1"]

1. d4 d5 2. c4 c6 3. Nf3 Nf6 4. Nc3 e6 5. Bg5 h6 6. Bxf6 Qxf6 7. e3 Nd7 8. Bd3
dxc4 9. Bxc4 g6 10. O-O Bg7 11. e4 {This move is absolutely harmless.} (11. Qc2
{was examined in CBM 122 (Mamedyarov-Ivanchuk) and CBM 128 (Bu
Xiangzhi-Topalov).}) (11. Rc1) (11. b4) 11... e5 $1 {A typical and strong
response.} 12. d5 Nb6 13. Bb3 Bg4 14. Rc1 (14. h3 Bxf3 15. Qxf3 Qxf3 16. gxf3
Ke7 17. dxc6 bxc6 {[%csl Ra7,Rc6,Rf2,Rf3,Rh3] In view of White's weaknesses on
the kingside, this splitting up of the pawns is of absolutely no importance.
Angesicht der weißen Schwächen am Königsflügel spielt diese Zersplitterung der
Bauern keine Rolle.} 18. Rfc1 Rhd8 19. Nd1 Rd6 20. Rc3 a5 21. Ne3 h5 $11 {
1/2 Khalifman,A (2650)-Akopian,V (2620)/Yerevan 1996/CBM 053/[Lutz] (38)})
14... O-O (14... Rd8 $5 {is apparently a simpler way to equality:} 15. h3 (15.
Re1 h5 16. Qe2 Bxf3 17. Qxf3 Qxf3 18. gxf3 Bh6 19. Rc2 O-O 20. Rd1 Kg7 21. a4
a5 $11 {1/2 Grkinic,G-Van Bommel,T/IECG 2001/Telechess CBM 95 (52)}) 15... Bxf3
16. Qxf3 Qxf3 17. gxf3 cxd5 (17... Ke7 18. Rfd1 Rhf8 19. a4 a5 20. Kg2 Rd6 $11
{0-1 Zhang Pengxiang (2567)-Negri,S/Dos Hermanas (Internet) 2004/CBM 099 ext 
(60)}) 18. Nxd5 Nxd5 19. Bxd5 Rd7 20. a4 Ke7 21. a5 Bf6 22. Rfd1 Rb8 23. Rd3
Kd8 24. Rdc3 Be7 25. Rc4 Bd6 $11 {1/2 Alekseev,E (2714)-Leko,P (2756)/Jermuk
ARM 2009/The Week in Chess 771 (36)}) (14... h5 {may be just a loss of time
after} 15. Na4 $1 (15. h3 Bh6 16. Rc2 Bxf3 17. Qxf3 Qxf3 18. gxf3 Rc8 19. Rd1
Ke7 20. dxc6 Rxc6 $11 {1/2 Anand,V (2783)-Leko,P (2751)/Miskolc HUN 2009/The
Week in Chess 761 (27)}) 15... Rc8 16. Rc3 Nxa4 17. Bxa4 $14 b5 $2 18. Rxc6 $1
Rxc6 19. Bxb5 $18 {1-0 Edouard,R (2597)-Fressinet,L (2667)/Nimes FRA 2009/The
Week in Chess 771 (67)}) 15. h3 Bxf3 16. Qxf3 Qxf3 17. gxf3 {The black king is
now far away from the centre, which gives White a small benefit (of course,
insufficient for a real advantage).} Rfd8 (17... Rfc8 18. dxc6 bxc6 19. Na4 Rc7
20. Rfd1 Bf8 21. Nc5 $14 a5 22. Rd3 (22. Na4 Nxa4 23. Bxa4 Rac8 24. Rc4 Be7 25.
Bb3 Kf8 26. Kg2 Rb8 27. Kg3 Bg5 28. Rd3 Ke7 29. Kg2 Bf4 30. Rdc3 Kd6 31. Rd3+
Ke7 32. Rc2 Rb4 33. Rdc3 Kd6 34. Bd5 c5 35. Bc4 $14 {1-0 Dokhoian,Y (2550)
-Kuczynski,R (2520)/Germany 1993/GER-chT (75)}) 22... Kg7 23. Kf1 Be7 24. Rdc3
Bd6 25. Bd1 Kf8 26. Be2 Ke7 27. Na6 Rcc8 28. Rxc6 $16 {1/2 Arutinian,D (2548)
-Ter Sahakyan,S (2486)/Gyumri ARM 2009/The Week in Chess 760 (43)}) 18. dxc6 (
18. Rfd1 Bf6 19. dxc6 bxc6 20. Rxd8+ Rxd8 21. Nd1 Rd6 22. Rc5 Kf8 23. Kf1 h5 (
23... Be7 $1 24. Ra5 (24. Rxe5 c5 {[%csl Re5]}) 24... Rd7 25. Ne3 (25. a3 Rb7
$1) 25... Bb4 $132) 24. Ne3 Ke7 25. Ke2 Bg7 26. Nc2 $14 {1-0 Carlsen,M (2776)
-Karjakin,S (2706)/Nice FRA 2009/CBM 128 Extra (62)}) 18... bxc6 19. Nd1 Rac8
20. Rc5 Bf8 21. Rc2 h5 22. Ne3 Rd4 23. Rfc1 c5 24. Kf1 Rcd8 25. Ke2 Be7 26. Rg1
Kf8 27. Bc4 Rb8 28. Ra1 Rbd8 29. Ke1 Bg5 30. Be2 Be7 31. Rac1 Ra4 32. a3 Rad4
33. Rc3 Kg7 34. Rb3 Rf8 35. Rb5 Rd7 36. Ra5 Rb8 37. Rc2 Rdb7 $6 {A wrong plan
as Black will be unable to get to the b2- pawn this way. It was better to stay
on the d-file, ready to play ...RRd7-d4:} (37... Rbd8 38. Bb5 Rc7 39. a4 Rd4
40. Ra6 Rb4 $132) 38. Ba6 Rd7 39. Bb5 Rdb7 40. a4 Nd7 $2 (40... Rd8 $1 41. Ra6
Rd4 {was now necessary, e.g.} 42. a5 Nd7 43. Bc6 (43. Bxd7 Rbxd7 44. Nc4 f6)
43... Rc7 44. Nd5 $140 Rxd5 $1 45. exd5 Nb8) 41. Nc4 (41. Bc6 $5 Rc7 42. Nd5 $1
Rxc6 43. Rxa7 $1 Bd8 $1 44. Rxd7 Ra6 45. b3 $1 Raa8 $1 {[%cal Rb8b3]} (45...
Ba5+ 46. Ke2 Rxb3 47. Rxc5) 46. f4 $1 exf4 47. Nxf4 Ba5+ 48. Kf1 Rxb3 49. Rxc5
$16) 41... Nf8 $6 (41... f6 $142 {keeping the material balance but weakening
the light squares} 42. Ra6 $16) 42. Nxe5 Ne6 43. Nc6 Ra8 44. Bc4 $16 {Of
course, White has some technical problems but a pawn is a pawn.} Nf4 45. Bd5
Re8 (45... Bf6 $142 46. Nb4 $1 (46. Nd8 $4 Bxd8) 46... Nxd5 47. Nxd5 Bxb2 48.
Raxc5 $16) 46. Rxa7 Rxa7 47. Nxa7 {White's a4 pawn must now decide the game
but...} Nxh3 48. Nc6 Nf4 49. Nxe7 $2 {This exchange of a strong knight for a
passive bishop gives the win away.} (49. Bc4 h4 50. Kf1 h3 51. Kg1 Bf6 52. a5
Rc8 53. Bd5 $18) 49... Rxe7 50. Kf1 (50. Bc4 f5 51. a5 fxe4 52. fxe4 Rxe4+ 53.
Kf1 $14) 50... Nxd5 51. exd5 {[%mdl 4096]} Ra7 52. b3 Rb7 $1 {Black has
unexpectedly created counterplay.} 53. d6 (53. Rc3 Kf6) 53... Rxb3 $2 {An
"obvious" move and a decisive mistake! Black's rook now gets overloaded. He
should have urgently brought his king to hold White's d-pawn:} (53... Kf6 $1
54. Rxc5 Rxb3 $11 55. Rd5 $140 Rb8 56. a5 Ke6) 54. Rd2 $1 Rb8 55. d7 Rd8 56. a5
c4 $8 57. Rd4 c3 58. Ke2 h4 $8 59. Kd3 h3 60. Kxc3 g5 61. Rd1 h2 62. Rh1 Rxd7
63. Rxh2 {White has finally kept his extra passed pawn and wins relatively
easily.} Rd1 64. Rg2 Kh6 65. Rg4 Ra1 66. Kb4 f5 67. Rc4 Ra2 {A usual defence:
Black is trying to win something on the kingside, then (when forced) give up
his rook for White's passed pawn, and achieve a draw in the "rook vs. pawns"
ending; however, he lacks just one tempo to complete this plan!} 68. Kb5 Rxf2
69. a6 Re2 70. a7 Re8 71. Ra4 Ra8 72. Kb6 Kh5 73. Kb7 Rxa7+ 74. Rxa7 $1 (74.
Kxa7 $2 {gives Black the crucial tempo as the white king is a move farther
from the kingside:} g4 75. fxg4+ (75. Kb6 g3 $1 76. Kc5 Kg5 $1 {preparing to
shoulder off the white king} 77. Kd4 $140 Kf4 $11) 75... fxg4 76. Kb6 g3 77.
Kc5 g2 78. Ra1 Kg4 79. Kd4 Kf3 $11) 74... g4 75. fxg4+ fxg4 76. Kc6 Kg5 77. Rf7
{This "nicety" was unnecessary:} (77. Kd5 Kf4 78. Kd4 Kf3 79. Kd3 g3 80. Rf7+
$18) 77... g3 78. Kd5 (78. Kd5 Kg4 79. Ke4 $18) 1-0

[Event "Tata Steel-A 73rd"]
[Site "Wijk aan Zee"]
[Date "2011.01.29"]
[Round "12"]
[White "Anand, Viswanathan"]
[Black "Giri, Anish"]
[Result "1/2-1/2"]
[WhiteElo "2810"]
[BlackElo "2686"]
[Annotator "Krasenkow,M"]
[PlyCount "99"]
[EventDate "2011.01.14"]
[EventType "tourn"]
[EventRounds "13"]
[EventCountry "NED"]
[EventCategory "20"]
[SourceTitle "CBM 141"]
[Source "ChessBase"]
[SourceDate "2011.03.17"]
[SourceVersion "1"]
[SourceVersionDate "2011.03.17"]
[SourceQuality "1"]

1. d4 d5 2. c4 c6 3. Nf3 Nf6 4. Nc3 e6 5. Bg5 h6 6. Bxf6 Qxf6 7. e3 g6 8. Bd3
Bg7 9. O-O O-O 10. Rc1 dxc4 11. Bxc4 Nd7 12. e4 c5 $5 $146 {[%mdl 8]
Surprisingly, this move, which can hardly be regarded as unusual or
paradoxical, had apparently been never seen in practice!} (12... e5 {is
usually played.}) ({Other known options:} 12... Qe7) (12... Rd8) (12... a6) 13.
d5 (13. dxc5 Nxc5 14. e5 {is harmless, e.g.} Qe7 15. b4 $6 Nd7 {[%csl Rb4,Re5]}
) 13... Nb6 14. b3 exd5 15. Nxd5 Qd8 16. h3 {Black needs his light-squared
bishop to fight for the d5 square; therefore it made sense not to prevent ...
Bc8-g4:} (16. Qe2 Bg4 17. Rfd1) 16... Nxc4 17. bxc4 Re8 18. Re1 Bd7 19. Qd2 Rc8
20. Qf4 b5 $5 {[%mdl 32] It is logical to open up the position for Black's
bishops.} 21. e5 g5 $5 22. Qg3 (22. Qe3 $5) (22. Qe4 $5) 22... bxc4 23. Red1
Rc6 $1 {[%csl Gc6] The most useful position of the rook: it protects the
kingside and retains the possibility of attacking the e5-pawn by means of ...
Rc6-e6.} 24. Ne3 (24. Rxc4 Qb8 $15) 24... Qc7 25. Nxc4 $6 {This modest capture
allows Black to comfortably arrange his pieces and seize the initiative.} (25.
h4 g4 $1) (25. Nd5 $5 Qb7 26. Ne3 $11 Be6 $6 27. h4) 25... Be6 $15 26. h4 $6 {
This move makes little sense when Black can reply ...g5-g4.} (26. Nd6 {is not
dangerous either due to} Rd8 {[%cal Rg7e5]} (26... Rb8 $5 {[%cal Gb8b2]})) (26.
Rd6 $5 Bxc4 27. Rxc4 Rxd6 (27... Bxe5 28. Rxc6 Bxg3 29. Rxc7 Bxc7 30. Rxc5 Bb6
31. Rc2 $15) 28. exd6 Qc6 29. h4 $15) 26... g4 27. Nfd2 Rd8 28. Re1 Rd4 29. Qe3
Qd8 30. g3 Qd5 31. Na5 Rc8 (31... Ra6 $142 $1 {[%csl Ga6] A.Korotylev} 32. Ndc4
Bf8 $17) 32. Ndc4 {White is keeping a blockading setup.} Rb8 33. Qe2 Bf8 34.
Ne3 Qe4 35. Nb3 {Giving up a pawn but getting rid of Black's bishop pair. In
the resulting position White will have some compensation due to the weakness
of Black's kingside.} Bxb3 36. axb3 Rxb3 (36... Qxe5 37. Qa2 $15) 37. Qa2 Qb7
38. Qc2 Rb2 39. Qf5 Qe4 40. Qxe4 Rxe4 41. Ra1 $6 (41. Red1 $142 $15) 41... c4 {
[%csl Gf1]} 42. Rxa7 Bc5 43. Ra8+ Kh7 44. Rf1 c3 45. Rc8 Bd4 46. Rc7 Rxe5 47.
Rxf7+ Kg6 48. Rd7 Bxe3 49. fxe3 {[%mdl 4096]} Rd2 $2 (49... Rb6 $1 {, and
Black should win by exploiting both his passed pawn and White's pawn
weaknesses (e3, g3), e.g.} 50. Rc7 (50. Rd4 h5 51. e4 Rc5 52. Rdd1 c2 53. Rc1
Rf6 $1 54. Rfe1 Rf3 $19) 50... Rxe3 51. Rf4 $1 {A.Korotylev} h5 $1 (51... Rxg3+
$143 52. Kf2 Rd3 53. Rxg4+ Kf6 54. Rf4+ Ke5 55. Rfc4 Rb2+ 56. Ke1) 52. Kf2 Rd3
53. Rc5 Rb2+ 54. Kg1 Rd1+ 55. Rf1 Rxf1+ 56. Kxf1 c2 57. Ke1 Rb1+ 58. Kd2 Rg1
59. Rxc2 Rxg3 60. Rc6+ Kf5 61. Rc5+ Kf4 62. Rxh5 Ra3 63. Ke2 Ra2+ 64. Kf1 Kg3
$19) 50. Rc7 {[%cal Rc7c6,Rc7c3]} (50. Rc7 c2 51. Rc6+ $11 Kh5 $140 52. Rff6)
1/2-1/2

[Event "Foros Aerosvit 3rd"]
[Site "Foros"]
[Date "2008.06.13"]
[Round "6"]
[White "Shirov, Alexei"]
[Black "Karjakin, Sergey"]
[Result "1/2-1/2"]
[WhiteElo "2740"]
[BlackElo "2732"]
[Annotator "Krasenkow,M"]
[PlyCount "71"]
[EventDate "2008.06.08"]
[EventType "tourn"]
[EventRounds "11"]
[EventCountry "UKR"]
[EventCategory "19"]
[SourceTitle "CBM 125"]
[Source "ChessBase"]
[SourceDate "2008.07.30"]
[SourceVersion "1"]
[SourceVersionDate "2008.07.30"]
[SourceQuality "1"]

1. d4 d5 2. c4 c6 3. Nf3 Nf6 4. Nc3 e6 5. Bg5 h6 6. Bh4 dxc4 7. e4 g5 8. Bg3 b5
9. Be2 Bb7 10. O-O Nbd7 11. Ne5 Bg7 12. Nxf7 $5 {[%mdl 512] Topalov's famous
piece sacrifice (see Topalov - Kramnik in CBM 122) has naturally obtained
popularity.} Kxf7 13. e5 Nd5 14. Ne4 Qb6 (14... Ke7 $5 15. Nd6 Rb8 {brought
Black a victory in the following game but further tests and analyses are
definitely needed:} 16. Bg4 c5 17. f4 Ne3 18. fxg5 Nxf1 19. Qxf1 Qf8 20. Qe2 (
20. g6 $1) 20... Bd5 21. Rf1 Qg8 22. g6 Kd8 23. dxc5 Kc7 24. Rf7 Kc6 $13 {
0-1 Beckhuis,G-Steingrimsson,H/Plovdiv BUL 2008/The Week in Chess 703 (35)})
15. Nd6+ Ke7 16. Bg4 h5 $5 $146 (16... Raf8 17. Qc2 Rhg8 (17... Qxd4 $2 18. Qg6
Qxg4 19. Qxg7+ Kd8 20. Nxb7+ Kc8 21. a4 $1 b4 22. Rac1 $36 {1-0 Topalov,
V-Kramnik,V/Wijk aan Zee 2008/CBM 122/[Krasenkow] (44)}) 18. Qg6 $5 $146 (18.
a4 $6 Ba8 (18... Qxd4 $5) 19. Rfe1 Nc7 20. d5 cxd5 21. axb5 a5 22. b3 cxb3 23.
Qh7 d4 24. Bh5 Nxb5 $19 {0-1 Timman,J-Ljubojevic,L/Wijk aan Zee 2008/CBM 122 
(42)}) 18... Nc7 19. Qe4 $5 {[%cal Yf2f4] a new interesting idea} Ba8 $6 (19...
Nd5 $5) (19... Ne8 $5) (19... Kd8 $5) 20. f4 $36 Nf6 $2 (20... c5 21. Qh7 $40)
(20... Kd8 $5 21. fxg5 hxg5) 21. exf6+ Bxf6 22. fxg5 Qxd4+ 23. Kh1 Qxe4 24.
gxf6+ Rxf6 25. Nxe4 Rxf1+ 26. Rxf1 Rxg4 27. Bd6+ Kd8 28. Rf8+ Kd7 29. Rf7+ Ke8
30. Re7+ Kd8 31. Nf6 $18 {1-0 Kiselev,V-Gundavaa,B/Moscow 2008/CBM 122 Extra 
(37)}) (16... Rhg8 $5 17. Qc2 Nf8) 17. Bxh5 Raf8 18. Qg4 Bh6 19. h4 $44 {
Of course, this extremely complicated position requires a detailed analysis;
I'll only mention some interesting alternatives to the course of the game.}
Rhg8 (19... c5 $5 20. hxg5 Bg7 21. g6 Kd8) 20. hxg5 Bxg5 21. Ne4 (21. Bh4 Bxh4
22. Qxh4+ N7f6 {is a satisfactory version for Black to give back the piece.}) (
21. Rfe1 $5 {[%cal Yd6e4] preventing ...Ne3}) 21... Ne3 $1 22. Qxg5+ $1 Rxg5
23. Bh4 Kd8 24. fxe3 (24. Bxg5+ Kc7 25. Bxe3 c5 $1 26. dxc5 Qc6 27. f3 Qd5 $132
) 24... Rh8 25. Bxg5+ Kc7 26. Bg4 c5 $1 27. dxc5 Nxc5 $1 28. Rf7+ Kb8 29. Nd6
Rg8 $1 30. Raf1 $1 Rxg5 31. Rf8+ Kc7 32. R1f7+ (32. Ne8+ Kc6 33. Bf3+ Ne4 34.
Bxe4+ Kc5 35. Nd6 Bxe4 (35... Ba6 $5) 36. Nxe4+ Kc6 37. Nxg5 Qxe3+ 38. R8f2
Qxg5 $13) 32... Nd7 33. Rxd7+ $1 Kxd7 34. Rf7+ Kd8 (34... Kc6 $2 35. Bf3+ Kc5
36. Rxb7 Qa5 37. Ne4+ $16) 35. Rf8+ (35. Nxb7+ $2 Ke8) 35... Kd7 36. Rf7+
1/2-1/2